Business Today / Ninth Edition (Record no. 3308)
[ view plain ]
| 000 -LEADER | |
|---|---|
| fixed length control field | 01790cam a22002294a 4500 |
| 005 - ΗΜΕΡΟΜΗΝΙΑ ΚΑΙ ΩΡΑ ΤΕΛΕΥΤΑΙΑΣ ΕΝΗΜΕΡΩΣΗΣ | |
| Πεδίο ελέγχου | 20250605164111.0 |
| 008 - FIXED-LENGTH DATA ELEMENTS--GENERAL INFORMATION | |
| Πεδίο ελέγχου σταθερού μήκους | 250528s ||||||||||||||||||||||||d |
| 035 ## - SYSTEM CONTROL NUMBER | |
| System control number | 17909 |
| 020 ## - ISBN | |
| ISBN | 130808199 |
| 040 ## - ΠΗΓΗ ΚΑΤΑΛΟΓΟΓΡΑΦΗΣΗΣ | |
| Φορέας πρωτότυπης καταλογογράφησης | MC Athens Campus Library |
| Γλώσσα καταλογογράφησης | Ελληνικά, Μοντέρνα (1453-) |
| Modifying agency | MC Athens Campus Library |
| Κανόνες περιγραφικής καταλογογράφησης | AACR2 |
| 245 1# - ΤΙΤΛΟΣ ΚΑΙ ΔΗΛΩΣΗ ΥΠΕΥΘΥΝΟΤΗΤΑΣ | |
| Τίτλος | Business Today / Ninth Edition |
| 250 ## - EDITION STATEMENT | |
| Edition statement | 9th |
| 260 ## - PUBLICATION, DISTRIBUTION, ETC. | |
| Name of publisher, distributor, etc. | Prentice Hall, |
| Date of publication, distribution, etc. | 1999 |
| 300 ## - PHYSICAL DESCRIPTION | |
| Extent | 794 |
| 520 ## - SUMMARY, ETC. | |
| Summary, etc. | This book provides students with a wealth of the most current information available about business, but it also lets them experience it firsthand in every chapter through a variety of highly involving activities that no other textbook can match. Prologue, Preface, Guide to Thematic Examples, Introducing Business Today in a Global Environment, Foundations and Challenges of Business, Global Business, Ethical and Social Responsibilities of Business, Starting the Business, Forms of Business Ownership, Small Business and New Ventures and Franchises, Managing the Business, Management Fundamentals, Organization and Teamwork and Communication, Production of Quality Goods and Services, Managing Human Resources, Human Relations and Motivation and Performance, Human Resource Management, Employee-Management Relations, Managing Marketing, Marketing and Customer Satisfaction, Product and Pricing Decisions, Distribution, Promotion, Managing Information Systems and Accounting, Computers and Information Technology, Accounting, Managing Financial Resources, Banking and Financial Management, Securities Markets, Focusing on Special Topics in Business, Government Regulations and Taxation and Business Law, Risk Management and Insurance, Index. |
| 700 1# - ΠΡΟΣΘΕΤΗ ΑΝΑΓΡΑΦΗ--ΦΥΣΙΚΟ ΠΡΟΣΩΠΟ | |
| Personal name | Bovee Courtland L |
| 9 (RLIN) | 1069 |
| 700 1# - ΠΡΟΣΘΕΤΗ ΑΝΑΓΡΑΦΗ--ΦΥΣΙΚΟ ΠΡΟΣΩΠΟ | |
| Personal name | Mescon Michael H |
| 9 (RLIN) | 1064 |
| 700 1# - ΠΡΟΣΘΕΤΗ ΑΝΑΓΡΑΦΗ--ΦΥΣΙΚΟ ΠΡΟΣΩΠΟ | |
| Personal name | Thill John V |
| 9 (RLIN) | 1070 |
| 942 ## - ADDED ENTRY ELEMENTS (KOHA) | |
| Koha item type | Books |
| Τύπος τεκμηρίου | Βιβλιοθήκη | Τρέχουσα τοποθεσία | Barcode | Αριθμός εισαγωγής | Ημερομηνία απόκτησης | Ταξιθετικό σύμβολο | Αριθμός αντιτύπου | Κατάσταση απόσυρσης | Κατάσταση χαμένου | Κατάσταση κατεστραμμένου | Μη δανεισμός | Σύνολο δανεισμών | Ημερομηνία τελευταίας εμφάνισης | Η τιμή ισχύει από |
|---|---|---|---|---|---|---|---|---|---|---|---|---|---|---|
| Books | MC Athens Campus Library | MC Athens Campus Library | 9780000033079 | 1677 | 05/06/2025 | 658 MES | 1 | 05/06/2025 | 05/06/2025 |